000 00644cam a2200181 i 4500
005 20251224094416.0
008 250721s1997 ua gr 000 0 ara d
082 1 4 _a219.2
_bب ي و
100 1 _aبيومي، محمد
_eمؤلف.
245 1 0 _aحوارات الرسول صلى الله عليه وسلم مع اليهود /
_cكتبه محمد بيومي.
250 _aالطبعة الاولى.
264 3 1 _aالمنصورة :
_c1997.
_bمكتبة الايمان،
650 1 7 _aالسيرة النبوية.
650 1 7 _aاليهود.
650 1 7 _aالدعوة الإسلامية.
942 _2ddc
_cBK
999 _c37366
_d37366